[Event "Gelsenkirchen Silvester op 2nd"]
[Site "Gelsenkirchen"]
[Date "2014.12.29"]
[Round "5"]
[White "Fistoul, Boris"]
[Black "Leuckert, Karsten"]
[Result "1/2-1/2"]
[WhiteElo "1929"]
[BlackElo "1701"]
[PlyCount "43"]
[EventDate "2014.12.27"]
[EventType "swiss"]
[EventRounds "5"]
[EventCountry "GER"]
[SourceTitle "EXT 2019"]
[Source "ChessBase"]
[SourceDate "2018.10.10"]
[SourceVersion "1"]
[SourceVersionDate "2018.10.10"]
[SourceQuality "1"]

1. d4 d5 2. c4 e6 3. Nc3 Nf6 4. Bg5 Be7 5. cxd5 Nxd5 6. Bxe7 Qxe7 7. e4 Nxc3 8. bxc3 c5 9. Nf3 cxd4 10. cxd4 Qb4+ 11. Qd2 Qxd2+ 12. Kxd2 Bd7 13. Ne5 Nc6 14. Nxd7 Kxd7 15. Rb1 Rab8 16. Bb5 a6 17. Bxc6+ Kxc6 18. Rhc1+ Kd7 19. Rc3 Rhc8 20. Rcb3 b5 21. a4 Rc4 22. axb5 1/2-1/2

[Event "Gelsenkirchen Silvester op 2nd"]
[Site "Gelsenkirchen"]
[Date "2014.12.28"]
[Round "3"]
[White "Leuckert, Karsten"]
[Black "Althoff, Ralph"]
[Result "0-1"]
[WhiteElo "1701"]
[BlackElo "2095"]
[PlyCount "100"]
[EventDate "2014.12.27"]
[EventType "swiss"]
[EventRounds "5"]
[EventCountry "GER"]
[SourceTitle "EXT 2019"]
[Source "ChessBase"]
[SourceDate "2018.10.10"]
[SourceVersion "1"]
[SourceVersionDate "2018.10.10"]
[SourceQuality "1"]

1. d4 f5 2. Bg5 g6 3. Nc3 Bg7 4. e4 d6 5. Bc4 fxe4 6. Bxg8 Rxg8 7. Nxe4 Nc6 8. c3 d5 9. Nc5 b6 10. Nd3 Rf8 11. h3 Bf5 12. Ne2 Qd6 13. Bf4 e5 14. Nxe5 Nxe5 15. Bxe5 Bxe5 16. dxe5 Qxe5 17. Qd4 Qxd4 18. Nxd4 Bd7 19. Nf3 0-0-0 20. 0-0-0 Bc6 21. Rhe1 Rde8 22. Rxe8+ Rxe8 23. Re1 Rxe1+ 24. Nxe1 Kd7 25. f4 Bb5 26. g4 Bc4 27. b3 Bf1 28. h4 Bh3 29. Nd3 a5 30. Kd2 Bg2 31. a3 Kd6 32. b4 Be4 33. Nf2 Bb1 34. Nd1 c5 35. Ke3 h5 36. f5 Ke5 37. fxg6 Bxg6 38. g5 Bc2 39. Nf2 Kf5 40. Kd2 Bb1 41. Kc1 Ba2 42. Kd2 axb4 43. cxb4 Kf4 44. g6 Kg3 45. g7 d4 46. Ne4+ Kxh4 47. Nf6 Kg5 48. Nxh5 Kxh5 49. Kd3 Kg6 50. Ke4 Kf6 0-1

[Event "Unna op"]
[Site "Unna"]
[Date "2010.12.27"]
[Round "1.4"]
[White "Leuckert, Karsten"]
[Black "Torres Kuckel, Rafael"]
[Result "0-1"]
[WhiteElo "1701"]
[BlackElo "2281"]
[PlyCount "42"]
[EventDate "2010.12.27"]
[EventType "swiss"]
[EventRounds "7"]
[EventCountry "GER"]
[SourceTitle "CBM 140 Extra"]
[Source "ChessBase"]
[SourceDate "2011.03.01"]
[SourceVersion "1"]
[SourceVersionDate "2011.03.01"]
[SourceQuality "1"]

1. d4 Nf6 2. Nf3 g6 3. Nc3 Bg7 4. e4 d6 5. Be3 0-0 6. Qd2 c6 7. Bd3 Nbd7 8. Bh6 e5 9. 0-0-0 b5 10. Ne2 Bxh6 11. Qxh6 Ng4 12. Qh3 Nxf2 13. Qg3 Nxd1 14. Rxd1 Qe7 15. h4 h5 16. Ng5 Nf6 17. Rf1 Ng4 18. c3 a5 19. Ng1 a4 20. N1h3 Be6 21. Be2 Bc4 0-1